[Event "Mechanics' Winter TNM; G/2 d5"]
[Site "San Francisco"]
[Date "2018.01.30"]
[Round "4.36"]
[White "Sandoval, Robert"]
[Black "Chan, John"]
[Result "0-1"]
[WhiteElo "1392"]
[BlackElo "1655"]
[Annotator "Donaldson"]
[PlyCount "98"]
[EventDate "2018.??.??"]
[Source "ChessBase"]
[SourceDate "2007.09.04"]

1. e4 e6 2. Nf3 d5 3. Nc3 d4 4. Ne2 c5 5. Ng3 a6 6. d3 h6 7. Be2 Nc6 8. Bf4
Nge7 9. O-O Ng6 10. Bd2 e5 11. Rb1 Be6 12. a3 Be7 13. c3 O-O 14. cxd4 exd4 15.
b4 cxb4 16. Bxb4 Bxb4 17. axb4 Qe7 18. Qd2 Rfd8 19. Qb2 Rab8 20. b5 axb5 21.
Qxb5 Nf4 22. Rfc1 Bd7 23. Qb6 Nxe2+ 24. Nxe2 Bg4 25. Nexd4 Bxf3 26. Nxf3 Rd6 (
26... Rxd3 27. Rxc6) 27. Qe3 Rbd8 28. Rc3 Re6 29. h3 Qf6 30. Rc4 Kh7 31. Rxb7
$2 (31. d4 $18) 31... Na5 32. e5 Nxc4 33. dxc4 Rd1+ 34. Kh2 $11 Qg6 35. c5 Ra6
36. Rb6 Rxb6 37. cxb6 Qb1 38. Nh4 Re1 39. Qc5 (39. Qf4) 39... Rh1+ 40. Kg3 Qd3+
41. f3 Qb1 42. f4 Qd3+ 43. Nf3 Rb1 44. Qc7 Qg6+ 45. Kh2 Qf5 {Diagram [#]} 46.
Kg3 $2 (46. e6 $1 Qxe6 47. b7 Qb6 48. Qxf7 Qxb7 49. Ng5+ hxg5 50. Qh5+ Kg8 51.
Qe8+ Kh7 52. Qh5+) 46... Rb4 47. b7 Qxf4+ 48. Kf2 Rb2+ 49. Kf1 Qe3 0-1

[Event "Mechanics' Winter TNM; G/2 d5"]
[Site "San Francisco"]
[Date "2018.01.16"]
[Round "2.34"]
[White "Sandoval, Robert"]
[Black "Simpkins, Jerry"]
[Result "0-1"]
[WhiteElo "1392"]
[BlackElo "1580"]
[PlyCount "24"]
[EventDate "2018.??.??"]
[Source "ChessBase"]
[SourceDate "2007.09.04"]

1. f4 Nc6 2. Nf3 d6 3. Nc3 e5 4. e4 Bg4 5. g3 exf4 6. Bb5 fxg3 7. hxg3 Qf6 8.
Nd5 Qxf3 9. Nxc7+ Kd8 10. Qxf3 Bxf3 11. Rf1 Kxc7 12. Rxf3 Nf6 {
and Black went on to win. Remaining moves unavailable.} 0-1

[Event "Mechanics' Winter TNM; G/2 d5"]
[Site "San Francisco"]
[Date "2018.02.13"]
[Round "6.49"]
[White "Sandoval, Robert"]
[Black "Yu, Prescott"]
[Result "1-0"]
[WhiteElo "1392"]
[BlackElo "1141"]
[PlyCount "63"]
[EventDate "2018.??.??"]
[Source "ChessBase"]
[SourceDate "2007.09.04"]

1. c4 e5 2. Nc3 f5 3. g3 Nf6 4. Bg2 Bc5 5. e3 O-O 6. Nge2 Nc6 7. O-O d6 8. d4
exd4 9. exd4 Bb4 10. a3 Bxc3 11. Nxc3 Ne7 12. b4 c6 13. a4 Be6 14. Qd3 d5 15.
c5 Ne4 16. b5 Ng6 17. Re1 Qd7 18. Ne2 Rac8 19. Nf4 Bf7 20. Nxg6 Bxg6 21. Bf4
Rfe8 22. Re3 Nf6 23. Rae1 Nh5 24. Rxe8+ Rxe8 25. Rxe8+ Qxe8 26. Be5 f4 27. Qb3
fxg3 28. hxg3 Kf7 29. bxc6 bxc6 30. Qb7+ Qe7 31. Qxc6 Nf6 32. Bxd5+ 1-0

[Event "Mechanics' Summer TNM; G/2 d5"]
[Site "San Francisco"]
[Date "2018.06.26"]
[Round "5.7"]
[White "Sarafian, Greg"]
[Black "Mackenzie, Dana N"]
[Result "1/2-1/2"]
[WhiteElo "1972"]
[BlackElo "2180"]
[PlyCount "70"]
[EventDate "2018.??.??"]
[Source "ChessBase"]
[SourceDate "2007.09.04"]

1. d4 Nf6 2. Nf3 d5 3. Bg5 Ne4 4. Bf4 e6 5. c3 Nd7 6. Nbd2 Ndf6 7. h3 Be7 8. e3
O-O 9. Bd3 b6 10. O-O Bb7 11. Ne5 c5 12. f3 Nxd2 13. Qxd2 Nh5 14. Bh2 f6 15.
Ng4 Bd6 16. Qf2 Bxh2+ 17. Kxh2 Qc7+ 18. f4 g5 19. Qf3 Qg7 20. g3 Kh8 21. Rg1 e5
22. Nxe5 Nxf4 23. gxf4 fxe5 24. Qh5 exf4 25. Rxg5 Qc7 26. Re5 fxe3 27. Re1 cxd4
28. cxd4 Rf2+ 29. Kh1 e2 30. Re8+ Rxe8 31. Qxe8+ Kg7 32. Rg1+ Kf6 33. Qf8+ Qf7
34. Qd6+ Qe6 35. Qf8+ Qf7 1/2-1/2

[Event "Mechanics' Winter TNM; G/2 d5"]
[Site "San Francisco"]
[Date "2018.01.09"]
[Round "1.15"]
[White "Sarafian, Greg"]
[Black "Morgan, Jerry D"]
[Result "1-0"]
[WhiteElo "1993"]
[BlackElo "1449"]
[PlyCount "75"]
[EventDate "2018.??.??"]
[Source "ChessBase"]
[SourceDate "2007.09.04"]

1. e4 Nf6 2. Nc3 e5 3. Bc4 Nxe4 4. Nxe4 d5 5. Bd3 dxe4 6. Bxe4 f5 7. Bf3 e4 8.
Be2 Qg5 9. Bf1 Qf6 10. d3 Bc5 11. Nh3 O-O 12. Be2 Nc6 13. c3 Be6 14. d4 Rad8
15. Bg5 Qg6 16. Bxd8 Rxd8 17. Nf4 Qf7 18. Nxe6 Qxe6 19. Qa4 Qg6 20. Qc4+ Kh8
21. Qxc5 Qxg2 22. Rf1 Qg5 23. h4 Qf6 24. O-O-O Qe6 25. d5 Qe7 26. Qxe7 Nxe7 27.
c4 Ng6 28. h5 Nf4 29. Rfe1 Ng2 30. Rh1 e3 31. Bf3 exf2 32. Bxg2 Re8 33. Rhf1
Re2 34. Bf3 Re1 35. Rxf2 Rxd1+ 36. Kxd1 g5 37. hxg6 hxg6 38. c5 1-0

[Event "Mechanics' Summer TNM; G/2 d/5"]
[Site "San Francisco"]
[Date "2018.05.29"]
[Round "1.13"]
[White "Sarafian, Greg"]
[Black "Morgan, Jerry D"]
[Result "1-0"]
[WhiteElo "1972"]
[BlackElo "1524"]
[PlyCount "103"]
[EventDate "2018.??.??"]
[Source "ChessBase"]
[SourceDate "2007.09.04"]

1. g3 d5 2. Bg2 e5 3. d3 Be6 4. Nf3 Nc6 5. c3 Be7 6. Nbd2 Nh6 7. b4 a6 8. Bb2
O-O 9. a3 f5 10. c4 Bf6 11. b5 axb5 12. cxb5 Nd4 13. a4 c5 14. O-O b6 15. e3
Nxf3+ 16. Nxf3 e4 17. Ne5 Qd6 18. d4 Bxe5 19. dxe5 Qc7 20. Ra3 Ng4 21. Qa1 h5
22. Rc1 h4 23. a5 hxg3 24. fxg3 Rxa5 25. Rxa5 bxa5 26. Bd4 c4 27. b6 Qb7 28. h3
Nh6 29. Qxa5 Ra8 30. Qb4 Nf7 31. Ra1 Rxa1+ 32. Bxa1 Bc8 33. Bd4 Qd7 34. e6 Qxe6
35. b7 Bxb7 36. Qxb7 Qd6 37. Qc8+ Nd8 38. Qxf5 Ne6 39. Qg6 Qe7 40. Bc3 Qf7 41.
Qg4 g6 42. h4 Qf5 43. Qxf5 gxf5 44. Bh3 Ng7 45. Kf2 Kf7 46. Bxg7 Kxg7 47. Bxf5
c3 48. Ke2 Kf6 49. g4 Ke5 50. h5 d4 51. exd4+ Kxd4 52. Bxe4 1-0

[Event "Mechanics' Summer TNM; G/2 d/5"]
[Site "San Francisco"]
[Date "2018.07.10"]
[Round "7.24"]
[White "Sayres, Jack"]
[Black "Cohee, James"]
[Result "0-1"]
[WhiteElo "1125"]
[BlackElo "1613"]
[PlyCount "60"]
[EventDate "2018.??.??"]
[Source "ChessBase"]
[SourceDate "2007.09.04"]

1. e4 c5 2. Nf3 d6 3. Nc3 Nc6 4. Bb5 Bd7 5. d4 cxd4 6. Nxd4 Nf6 7. Bg5 e6 8. f4
Be7 9. Qd3 O-O 10. O-O-O a6 11. Qg3 axb5 12. Bh6 Ne8 13. Rhf1 Kh8 14. Bg5 Bxg5
15. fxg5 Nxd4 16. Rxd4 e5 17. Rd3 Qa5 18. Rdf3 Qd8 19. Rxf7 Rxf7 20. Rxf7 Nc7
21. g6 Be6 22. Rf3 h6 23. Qf2 Qe7 24. a3 Kg8 25. Rd3 Rf8 26. Qb6 Rf1+ 27. Rd1
Qg5+ 28. Kb1 Rxd1+ 29. Nxd1 Qd2 30. Qxc7 Qxd1# 0-1

[Event "Mechanics' Winter TNM; G/2 d5"]
[Site "San Francisco"]
[Date "2018.01.30"]
[Round "4.56"]
[White "Scalese, Nicole"]
[Black "Enkhjargal, Gabriel"]
[Result "0-1"]
[WhiteElo "1072"]
[BlackElo "911"]
[PlyCount "56"]
[EventDate "2018.??.??"]
[Source "ChessBase"]
[SourceDate "2007.09.04"]

1. e4 c5 2. Nf3 Nc6 3. Bc4 g6 4. d3 Bg7 5. O-O Nf6 6. Ng5 e6 7. Be3 b6 8. Nc3
Bb7 9. Nb5 O-O 10. Nd6 Qc7 11. Nb5 Qe5 12. b3 Nd4 13. f4 Qb8 14. e5 Nxb5 15.
Bxb5 Nd5 16. Qg4 Nxe3 17. Qh3 h6 18. Qxe3 hxg5 19. Bxd7 gxf4 20. Qxf4 Qxe5 21.
Qh4 Qd4+ 22. Qxd4 cxd4 23. Rf4 Rad8 24. Bb5 g5 25. Rg4 Rd5 26. a4 Re5 27. Rxd4
Rxb5 28. axb5 Bxd4+ 0-1

[Event "Mechanics' Bedjanian TNM; G/2 d/5"]
[Site "San Francisco"]
[Date "2018.10.23"]
[Round "1.3"]
[White "Shaw, Tenzing"]
[Black "Agdamag, Samuel"]
[Result "1-0"]
[WhiteElo "2290"]
[BlackElo "1584"]
[PlyCount "69"]
[EventDate "2018.??.??"]
[Source "ChessBase"]
[SourceDate "2007.09.04"]

1. e4 c6 2. d4 d5 3. e5 Bf5 4. Nf3 e6 5. Be2 h6 6. Nbd2 Bb4 7. c3 Ba5 8. b4 Bb6
9. a4 a5 10. b5 Ne7 11. c4 dxc4 12. Nxc4 O-O 13. Ba3 Nd5 14. Nxb6 Qxb6 15. Bc5
Qd8 16. Bxf8 Qxf8 17. O-O Nc3 18. Qd2 Nxe2+ 19. Qxe2 Qb4 20. Rfc1 Qe7 21. Nd2
Qg5 22. Ne4 Bxe4 23. Qxe4 Qd8 24. Rab1 Qe8 25. f4 g6 26. Rb3 Kg7 27. Rg3 Qe7
28. f5 exf5 29. Qxf5 Kh7 30. Qc8 Qb4 31. Rf1 Qxd4+ 32. Kh1 Qc4 33. Rgf3 Kg7 34.
Qe8 f5 35. exf6+ 1-0

[Event "Mechanics' Spring TNM; G/2 d5"]
[Site "San Francisco"]
[Date "2018.04.03"]
[Round "3.4"]
[White "Shaw, Tenzing"]
[Black "Anderson, Michael"]
[Result "1-0"]
[WhiteElo "2303"]
[BlackElo "1900"]
[PlyCount "71"]
[EventDate "2018.??.??"]
[Source "ChessBase"]
[SourceDate "2007.09.04"]

1. Nf3 f5 2. d3 g6 3. e4 d6 4. h4 h6 5. Nc3 Bg7 6. d4 fxe4 7. Nxe4 Bf5 8. Ng3
e6 9. Nxf5 exf5 10. Bd3 Ne7 11. Be3 Nd7 12. h5 g5 13. c4 Nf6 14. d5 f4 15. Bd4
Qd7 16. Qc2 O-O 17. O-O-O c6 18. dxc6 bxc6 19. Bc3 Qg4 20. Nd4 Qc8 21. Rhe1 Qd7
22. Ne6 Nxh5 23. Nxf8 Rxf8 24. Qe2 f3 25. Qxe7 Qxe7 26. Rxe7 Bxc3 27. bxc3 fxg2
28. Be2 Rxf2 29. Bxh5 Rf1 30. Ree1 g1=Q 31. Rxf1 Qe3+ 32. Kb2 Qb6+ 33. Kc2 Qa6
34. Rde1 Qxa2+ 35. Kd3 Qh2 36. Re8+ 1-0

[Event "Mechanics' Bedjanian TNM; G/2 d/5"]
[Site "San Francisco"]
[Date "2018.12.18"]
[Round "9.4"]
[White "Shaw, Tenzing"]
[Black "Askin, David"]
[Result "1-0"]
[WhiteElo "2290"]
[BlackElo "2008"]
[Annotator "Winslow,Elliott"]
[PlyCount "47"]
[EventDate "2018.??.??"]
[Source "ChessBase"]
[SourceDate "2007.09.04"]

1. e4 c6 2. d4 d5 3. e5 Bf5 4. Nf3 e6 5. Be2 Ne7 6. O-O Nd7 7. Be3 h6 8. Nbd2
Qc7 (8... Ng6 9. c3 Be7 10. b4 O-O 11. Ne1 a5 12. a3 b6 13. f4 c5 14. Qb3 axb4
15. cxb4 c4 16. Nxc4 dxc4 17. Bxc4 Be4 {0-1 (57) Davis,M-Mikus,J Lansing 1989})
9. Nb3 (9. Ne1 Bh7 10. g4 g5 11. Ng2 Ng6 12. c3 f6 13. exf6 Nxf6 14. f4 Bd6 15.
fxg5 Bxh2+ 16. Kh1 Ne4 17. Nxe4 dxe4 18. gxh6 O-O-O 19. Qb3 Rde8 20. Bc4 Bg8
21. Qc2 Bh7 22. Rf6 Bg3 23. Raf1 Qd6 24. Qb3 Ref8 25. Bxe6+ Kb8 26. Rf7 Rxf7
27. Rxf7 b6 28. d5 Rf8 29. dxc6 Rxf7 30. Bxf7 Qf6 {
1-0 (30) Schmaltz, R-Andrasi,F Kecskemet 1991}) 9... g5 10. Ne1 Bg7 $2 (10...
c5 $1 11. Nxc5 Nxc5 12. dxc5 Bg7) 11. Nd3 b6 (11... Bxd3 {
is one of "those" positions; piece recaptures are nothing special, but} 12.
cxd3 $1 c5 (12... a5 13. a4 Nf5 14. Rc1 Qb6 15. Bg4) 13. Rc1 O-O 14. f4) 12. f4
c5 13. dxc5 {In ChessBase, if you're running an engine and you're online, you
can see the top three previous searches of the position -- and "Visits". This
position has been viewed 5969 times! The universe is expanding.} gxf4 14. cxb6
(14. Nxf4 Bxe5 (14... O-O $5) 15. cxb6 axb6 16. Nd4) 14... axb6 15. Bxf4 Ng6
16. Bg3 {curious: 3440 visits here...} Ngxe5 $6 {
and 26 visits here, and the engines like how it went:} (16... Be4 $1) 17. Rxf5
$1 $18 exf5 18. Nd4 Qd6 $2 (18... O-O 19. Nxf5 Rfe8) 19. Nxf5 Qf6 20. Nxg7+
Qxg7 21. Nxe5 Nxe5 22. Bb5+ Kf8 23. Qxd5 Rc8 24. Bxe5 1-0

[Event "Mechanics' Bedjanian TNM; G/2 d/5"]
[Site "San Francisco"]
[Date "2018.12.04"]
[Round "7.3"]
[White "Shaw, Tenzing"]
[Black "Askin, Michael"]
[Result "1-0"]
[WhiteElo "2290"]
[BlackElo "1979"]
[PlyCount "105"]
[EventDate "2018.??.??"]
[Source "ChessBase"]
[SourceDate "2007.09.04"]

1. e4 c5 2. Nf3 d6 3. d4 cxd4 4. Nxd4 Nf6 5. Nc3 a6 6. g3 e5 7. Nb3 Nbd7 8. Bg2
b5 9. O-O Bb7 10. Nd5 Nxd5 11. exd5 Be7 12. a4 O-O 13. Bd2 f5 14. Na5 Qc7 15.
Nc6 Bxc6 16. dxc6 Nf6 17. axb5 axb5 18. Rxa8 Rxa8 19. Bg5 Ne4 20. Qd5+ Kh8 21.
Bxe7 Qxe7 22. Bxe4 fxe4 23. Rd1 e3 24. fxe3 Qa7 25. Qe4 Qc5 26. Rd5 Qxc6 27.
Rxe5 Qxe4 28. Rxe4 Kg8 29. Kf2 Rc8 30. c3 Kf7 31. Ke2 d5 32. Re5 b4 33. Kd3
bxc3 34. bxc3 Kf6 35. Rxd5 Ke6 36. Rd4 Ra8 37. h4 Ra1 38. c4 Rg1 39. g4 g6 40.
g5 Ra1 41. c5 Rc1 42. Rc4 Rd1+ 43. Ke2 Rd7 44. c6 Rc7 45. e4 Kd6 46. Ke3 Ke5
47. Rc5+ Kd6 48. Kd4 Ra7 49. c7 Ra4+ 50. Rc4 Rxc4+ 51. Kxc4 Kxc7 52. Kc5 Kd7
53. Kd5 1-0

[Event "Mechanics' Spring TNM; G/2 d5"]
[Site "San Francisco"]
[Date "2018.05.08"]
[Round "8.5"]
[White "Shaw, Tenzing"]
[Black "Cheng, Alfonso"]
[Result "1-0"]
[WhiteElo "2303"]
[BlackElo "1959"]
[PlyCount "77"]
[EventDate "2018.??.??"]
[Source "ChessBase"]
[SourceDate "2007.09.04"]

1. f4 d5 2. Nf3 Nc6 3. e3 a6 4. b3 Bf5 5. Bb2 f6 6. Nc3 e5 7. fxe5 fxe5 8. Ne2
Bd6 9. Ng3 Bg6 10. Be2 h5 11. O-O h4 12. Nh1 Qe7 13. Nf2 Nh6 14. Nh3 O-O-O 15.
a3 Nf7 16. b4 Bf5 17. Nfg5 Nxg5 18. Rxf5 Nxh3+ 19. gxh3 Rhf8 20. Qf1 e4 21. Qf2
Kb8 22. Rf1 g6 23. Rf6 Ka7 24. Kh1 Rde8 25. c4 dxc4 26. Bxc4 Ne5 27. Rxf8 Rxf8
28. Qxf8 Qxf8 29. Rxf8 Nxc4 30. Bd4+ b6 31. Re8 Nxd2 32. Be5 Kb7 33. Re6 Bf8
34. Rxg6 Nc4 35. Rg8 Bd6 36. Bxd6 cxd6 37. Rg4 d5 38. Rxh4 Ne5 39. Rf4 {
and later 1-0.} 1-0

[Event "Mechanics' Spring TNM; G/2 d5"]
[Site "San Francisco"]
[Date "2018.05.01"]
[Round "7.7"]
[White "Shaw, Tenzing"]
[Black "Clemens, Kristian"]
[Result "1-0"]
[WhiteElo "2303"]
[BlackElo "1917"]
[PlyCount "55"]
[EventDate "2018.??.??"]
[Source "ChessBase"]
[SourceDate "2007.09.04"]

1. e4 e5 2. Nf3 Nf6 3. Nxe5 d6 4. Nc4 Nxe4 5. Qe2 Qe7 6. Ne3 Nf6 7. b3 Qe5 {[#]
} 8. Bb2 Qe7 9. Bxf6 gxf6 10. g3 Be6 11. Bg2 c6 12. c4 Na6 13. Nc3 Bh6 14. O-O
Bxe3 15. dxe3 O-O-O 16. Rab1 Qd7 17. Ne4 Qe7 18. Qf3 d5 19. Nxf6 dxc4 20. bxc4
Bxc4 21. Rfc1 Qe6 22. Qf4 Bxa2 23. Rb2 Nc7 24. Be4 Kb8 25. Rxc6 Rd1+ 26. Kg2
Qc8 27. Rxc7 Qxc7 28. Rxb7+ 1-0

[Event "Mechanics' Bedjanian TNM; G/2 d/5"]
[Site "San Francisco"]
[Date "2018.11.27"]
[Round "6.2"]
[White "Shaw, Tenzing"]
[Black "Mont-Reynaud, Jordy"]
[Result "0-1"]
[WhiteElo "2290"]
[BlackElo "2246"]
[PlyCount "64"]
[EventDate "2018.??.??"]
[Source "ChessBase"]
[SourceDate "2007.09.04"]

1. c4 Nf6 2. Nc3 g6 3. e4 c5 4. Nge2 Nc6 5. d3 e6 6. d4 d5 7. Bg5 dxe4 8. dxc5
Be7 9. Ng3 Qa5 10. Bh6 e3 11. Bxe3 Bxc5 12. Qf3 Bxe3 13. fxe3 Qe5 14. O-O-O O-O
15. h4 h5 16. Bd3 Ng4 17. Rhe1 f5 18. Bc2 Qg7 19. Rd6 Nce5 20. Qf4 Nf7 21. Rd2
e5 22. Qf3 e4 23. Qf4 Nfe5 24. c5 Be6 25. Rd6 Bf7 26. Nge2 Nc4 27. Rd7 Nge5 28.
Rd4 Rac8 29. b4 a5 30. Nd5 Bxd5 31. Rxd5 Nd3+ 32. Rxd3 Qa1+ 0-1

[Event "Mechanics' Spring TNM; G/2 d5"]
[Site "San Francisco"]
[Date "2018.04.17"]
[Round "5.6"]
[White "Shaw, Tenzing"]
[Black "Steger, Eric"]
[Result "0-1"]
[WhiteElo "2303"]
[BlackElo "1933"]
[PlyCount "120"]
[EventDate "2018.??.??"]
[Source "ChessBase"]
[SourceDate "2007.09.04"]

1. e4 d6 2. d4 Nf6 3. Nc3 g6 4. Bg5 Bg7 5. Qd2 h6 6. Bf4 c6 7. Bd3 g5 8. Be3
Ng4 9. Nge2 Nd7 10. Ng3 Ndf6 11. h3 Nxe3 12. Qxe3 Qa5 13. O-O Bd7 14. Rab1 Qc7
15. Rfe1 e5 16. dxe5 dxe5 17. Be2 Qb6 18. Qf3 g4 19. hxg4 Bxg4 20. Qe3 Qxe3 21.
fxe3 Be6 22. Rf1 O-O-O 23. Nf5 Bf8 24. Bd3 Ng4 25. Rf3 h5 26. b4 Bxf5 27. exf5
Bh6 28. Re1 Nf6 29. a3 Rhg8 30. Re2 Rg4 31. e4 Bc1 32. Nb1 Rdg8 33. Rf1 Bf4 34.
Nc3 h4 35. Rf3 Nh5 36. Bc4 R8g7 37. Nd1 Ng3 38. Ref2 Nxe4 39. Re2 Nd2 40. Rxf4
exf4 41. Rxd2 f3 42. Ne3 Re4 43. f6 Rg5 44. Kf2 fxg2 45. Rd1 Rxe3 46. Kxe3
g1=Q+ 47. Rxg1 Rxg1 48. Bxf7 Rf1 49. Be6+ Kd8 50. f7 Ke7 51. Bc8 b6 52. Bb7 c5
53. bxc5 bxc5 54. Bd5 h3 55. Ke2 Rf6 56. Kd3 h2 57. Kc4 Rxf7 58. a4 Rf4+ 59.
Kb5 Kd6 60. c4 Rd4 0-1

[Event "Mechanics' Vartan Bedjanian TNM; G/2 d/"]
[Site "San Francisco"]
[Date "2018.11.07"]
[Round "3.2"]
[White "Shaw, Tenzing"]
[Black "Steger, Eric"]
[Result "1-0"]
[WhiteElo "2290"]
[BlackElo "1963"]
[PlyCount "83"]
[EventDate "2018.??.??"]
[Source "ChessBase"]
[SourceDate "2007.09.04"]

1. c4 Nf6 2. Nc3 g6 3. e4 d6 4. d4 Bg7 5. f3 O-O 6. Nge2 c5 7. d5 a6 8. a4 b6
9. Bg5 h6 10. Be3 Kh7 11. Qd2 Nbd7 12. Ng3 h5 13. Bg5 Ng8 14. Be2 Ne5 15. f4 f6
16. fxe5 fxg5 17. e6 Bh6 18. Qc2 h4 19. Nf1 Nf6 20. Ne3 g4 21. Nxg4 Nxg4 22.
Bxg4 Rf4 23. Bf3 h3 24. O-O Qf8 25. Be2 hxg2 26. Kxg2 Bb7 27. Rxf4 Bxf4 28. Bg4
Qh6 29. h3 Rf8 30. Rf1 Be5 31. Rxf8 Qxf8 32. Ne2 Qe8 33. Qb3 Qd8 34. Ng1 b5 35.
cxb5 Qa5 36. Nf3 Bf6 37. h4 Kg7 38. h5 axb5 39. e5 dxe5 40. Qd3 Qxa4 41. Qxg6+
Kh8 42. Bf5 1-0

[Event "Mechanics' Spring TNM; G/2 d5"]
[Site "San Francisco"]
[Date "2018.03.20"]
[Round "1.5"]
[White "Shaw, Tenzing"]
[Black "Vemuri, Anand"]
[Result "1-0"]
[WhiteElo "2303"]
[BlackElo "1581"]
[Annotator "Donaldson"]
[PlyCount "41"]
[EventDate "2018.??.??"]
[Source "ChessBase"]
[SourceDate "2007.09.04"]

1. e4 c5 2. Nf3 d6 3. d4 cxd4 4. Nxd4 Nf6 5. Nc3 a6 6. Be3 e6 7. g4 b5 8. a3
Bb7 9. Bg2 Be7 10. g5 Nfd7 11. f4 e5 12. Nf5 exf4 13. Bxf4 O-O 14. Qd4 Ne5 15.
Bxe5 Nc6 16. Nd5 (16. Nxe7+ Qxe7 17. Bxd6 Nxd4 18. Bxe7 Nxc2+ 19. Kf2 Rfe8 20.
Rac1 $18) 16... Bxg5 (16... Nxd4 17. Ndxe7+ Kh8 18. Bxg7#) 17. Qb6 dxe5 (17...
Qxb6 18. Nxb6 dxe5 $11) 18. Qxb7 Bh4+ 19. Ke2 Na5 20. Qc7 Qc8 (20... Rc8 21.
Qxc8 Qxc8 22. Nfe7+ Bxe7 23. Nxe7+ Kh8 24. Nxc8 Rxc8 25. c3 Nc4 26. Rab1 h6 27.
Rhd1 Rc6 28. Rd7 Rg6 29. Bf3 Rf6 30. h4 Rf4 31. h5 f5 32. exf5 e4 33. Bg2 e3
34. Rf1 Rh4 35. f6 Rg4 36. Be4) 21. Qxc8 1-0

[Event "Mechanics' Winter TNM; G/2 d5"]
[Site "San Francisco"]
[Date "2018.02.13"]
[Round "6.1"]
[White "Shaw, Tenzing"]
[Black "Winslow, Elliott C"]
[Result "1/2-1/2"]
[WhiteElo "2297"]
[BlackElo "2311"]
[Annotator "Winslow,Elliott"]
[PlyCount "38"]
[EventDate "2018.??.??"]
[Source "ChessBase"]
[SourceDate "2007.09.04"]

1. c4 Nf6 2. Nc3 g6 3. g3 Bg7 4. Bg2 O-O 5. d3 (5. Nf3) (5. e4) (5. d4) (5. e3)
(5. Rb1) 5... d6 (5... c6) (5... c5 6. Rb1 $5) (5... e5) (5... Nc6) 6. Rb1 (6.
e4) (6. Nf3) (6. Bg5) (6. e3) 6... Nc6 (6... a5 7. a3 (7. e4) 7... e5 8. Nf3) (
6... e5) (6... c5) ({
I vaguely remembered I'd played this game less than a year before:} 6... c6 7.
b4 (7. e4) (7. Nf3) (7. e3) 7... d5 $1 {
(Did I really just play 5...d6, 6...c6, and 7...d5?)} 8. Qb3 $2 (8. cxd5 Nxd5
9. Nxd5 cxd5 $11) 8... dxc4 $1 $17 (8... Be6 9. cxd5 Nxd5 10. Nxd5 Bxd5 11.
Bxd5 cxd5 12. Nf3 e5 13. O-O {1/2-1/2 (48) Jovic,C (2132)-Pantelic,S (2187)
Novi Becej 2007: 1/2-1/2 (48) Jovic,C (2132)-Pantelic,S (2187) Novi Becej 2007}
) 9. dxc4 (9. Qxc4 {isn't much better or worse}) 9... Bf5 10. e4 (10. Rb2 a5 (
10... Be6)) 10... Be6 11. Nf3 b5 12. Bf1 (12. Qc2 $1 Bxc4 13. Bf1 Bxf1 14. Kxf1
$17) 12... Nbd7 (12... a5 $1) (12... Nfd7) 13. a4 a6 $2 (13... Ng4 $1) (13...
Bg4 $1) (13... bxa4 $1) (13... a5 $3 $19 14. axb5 axb4 $1 15. Qxb4 Bg4 16. Be2
Bxf3 17. Bxf3 Ne5 18. Be2 Nd3+ 19. Bxd3 Qxd3 20. e5) 14. Be3 (14. Bf4 Nh5 15.
Be3 Bg4 16. Bg2 Bxf3 17. Bxf3 bxc4 18. Qc2 Ne5 19. Be2 Nd3+ 20. Bxd3 cxd3 21.
Qd2 Qd6) 14... Ng4 $19 15. Bf4 Nde5 $6 (15... Qb6 16. Nd1 a5 17. Be2 axb4 18.
axb5 Nc5 19. Qxb4 Ra4 20. Qd2 Nxe4) 16. Nxe5 (16. Bxe5 Nxe5 17. Nxe5 Bxe5 18.
Rd1 Qb6 19. a5 Qb7 20. f4 Bd6 21. f5 bxc4 22. Bxc4 Bxc4 23. Qxc4 Qxb4 $19 24.
Qxb4 Bxb4 25. Rc1 Bxa5) 16... Bxe5 17. h3 bxc4 (17... bxa4 $5) 18. Bxc4 $2 (18.
Qb2) (18. Qc2 Qd4 19. Rc1 Nf6 $19) 18... Qd4 19. Bxe6 $6 Qxf2+ 20. Kd1 Bxf4 (
20... Rfd8+ 21. Nd5 fxe6) 21. gxf4 Rad8+ 22. Bd5 cxd5 23. exd5 Qf3+ {
0-1 (23) Zaloznyy,M (2200)-Winslow,E (2296) Berkeley 2017.7.20}) 7. e3 (7. e4)
(7. b3) 7... Bg4 (7... e5) (7... Bd7) (7... Re8) 8. Nge2 (8. f3) 8... e5 9. h3
Be6 10. Nd5 Qd7 11. b3 Bxd5 12. cxd5 Ne7 (12... Nb4 13. Nc3 c6 14. dxc6 Nxc6)
13. e4 (13. Nc3 {keeps the diagonal open}) 13... c6 14. dxc6 Nxc6 15. O-O d5
16. Nc3 dxe4 (16... d4 $5 17. Ne2 Rfc8 $5 $11) 17. dxe4 Rfd8 {
Maybe not quite equal, but not anything else either.} 18. Bg5 (18. Qxd7 Rxd7
19. Bg5 Nd4) 18... h6 (18... Nd4 {
SF8 actually wanted to give Black a bit of advantage for a few seconds here})
19. Bxf6 {Now it dries up} (19. Be3 Nd4 20. Ne2 Rac8 21. Bxd4 exd4 22. Qd3 {
and is} Qd6 23. b4 Qa6 $5 {really the way to play?}) 19... Bxf6 {"1/2-1/2?"}
1/2-1/2

[Event "Mechanics' Winter TNM; G/2 d5"]
[Site "San Francisco"]
[Date "2018.01.16"]
[Round "2.2"]
[White "Shaw, Tenzing Will"]
[Black "Pane, Gianluca"]
[Result "1-0"]
[WhiteElo "2297"]
[BlackElo "1811"]
[PlyCount "51"]
[EventDate "2018.??.??"]
[Source "ChessBase"]
[SourceDate "2007.09.04"]

1. e4 b6 2. d4 Bb7 3. Bd3 e6 4. Nf3 Nf6 5. Qe2 c5 6. c3 Be7 7. O-O O-O 8. e5
Nd5 9. Qe4 g6 10. Bh6 Re8 11. Nbd2 Nc6 12. Rad1 Rc8 13. h4 cxd4 14. cxd4 f5 15.
exf6 Nxf6 16. Qf4 Bf8 17. Bg5 Bg7 18. Ne4 Nd5 19. Qg3 Qc7 20. Nd6 Nxd4 21. Nxd4
Bxd4 22. Bxg6 hxg6 23. Rxd4 Qc5 24. Bf6 Kh7 25. h5 g5 26. Qd3+ 1-0

[Event "Mechanics' Winter TNM; G/2 d5"]
[Site "San Francisco"]
[Date "2018.01.30"]
[Round "4.2"]
[White "Shaw, Tenzing Will"]
[Black "Vickers, Keith"]
[Result "1-0"]
[WhiteElo "2297"]
[BlackElo "2200"]
[Annotator "Donaldson"]
[PlyCount "71"]
[EventDate "2018.??.??"]
[Source "ChessBase"]
[SourceDate "2007.09.04"]

1. c4 e6 2. Nc3 f5 3. Nf3 Nf6 4. g3 Be7 5. Bg2 O-O 6. O-O d5 7. cxd5 exd5 8. d3
c6 9. a3 Kh8 10. b4 a5 11. Rb1 axb4 12. axb4 d4 13. Na4 Na6 14. Bb2 Nxb4 (14...
b5 15. Nc5 Nxc5 16. bxc5 Bxc5 17. Ra1) 15. Bxd4 Nbd5 16. Qb3 Qe8 17. Ra1 f4 18.
Nb6 Nxb6 19. Qxb6 Rxa1 20. Rxa1 Nd5 21. Qb2 Bf6 22. Ra8 Nc7 23. Rb8 Na6 24. Ra8
Nc7 25. Ra4 Nd5 26. Be5 (26. Bxf6) 26... h6 27. gxf4 Qg6 28. Bxf6 {Diagram [#]}
Rxf6 $2 (28... gxf6 $1 {
with the idea of counterplay down the g-file and keeping the knight off e5.})
29. Ne5 $18 Qe8 30. e3 Qh5 31. Bf3 Qe8 32. Kh1 Nc7 33. Ra1 Kg8 34. Rg1 Nb5 35.
Nxc6 bxc6 36. Qxf6 1-0

[Event "Mechanics' Summer TNM; G/2 d/5"]
[Site "San Francisco"]
[Date "2018.06.19"]
[Round "4.20"]
[White "Sherwood, Peter"]
[Black "Anderson, Michael"]
[Result "0-1"]
[WhiteElo "1625"]
[BlackElo "1905"]
[PlyCount "56"]
[EventDate "2018.??.??"]
[Source "ChessBase"]
[SourceDate "2007.09.04"]

1. e4 c5 2. Nf3 e6 3. d4 cxd4 4. Nxd4 a6 5. Bd3 Bc5 6. Nf3 b5 7. O-O Bb7 8. a4
Ne7 9. Qe2 b4 10. b3 O-O 11. Bb2 Ng6 12. Bc1 Nc6 13. Be3 Qb6 14. Re1 Nce5 15.
Nbd2 Nxd3 16. cxd3 d5 17. Bxc5 Qxc5 18. Rac1 Qb6 19. e5 Rac8 20. d4 Rc3 21. Qd1
Rfc8 22. Rxc3 bxc3 23. Nf1 c2 24. Qa1 Qxb3 25. N1d2 Qc3 26. Qxc3 Rxc3 27. Rc1
Nf4 28. Ne1 Ne2+ 0-1